00761nam a2200205 i 450000100060000000300090000600500170001500700030003200800410003508000190007610000420009524501500013726000300028730000220031765000330033985200220037285200220039499900170041695201220043335660ES-MaACL20230906155159.0t|030213s1961 sp ||||1| spa d a616.12-008.3311 aBox María-Cospedal, Antonio.93116110aTensión arterial : bnormas para su mantenimiento en estado normal : lo que debe saber el hipertenso y el hipotenso / cpor el Dr. Antonio Box. aMadrid : bReus, c[1961] a172 p. ; c17 cm. 4aPresión sanguinea.91502534 aES-MaACLjC-234354 aES-MaACLjC-28364 c35660d35660 00104070aATENEOMbATENEOMcDEPO2d2008-01-17eSCl0oC-23435p1037342r2023-02-23 00:00:00w2023-02-23yMONOGRAFIA